LIBRARY & INFORMATION CENTRE, KCAET, TAVANUR

ONLINE PUBLIC ACCESS CATALOGUE (OPAC)

Fundamentals of soil science (Record no. 15316)

MARC details
000 -LEADER
fixed length control field 00295nam a22001217a 4500
020 ## - INTERNATIONAL STANDARD BOOK NUMBER
ISBN 8190147005
082 ## - DEWEY DECIMAL CLASSIFICATION NUMBER
Classification number 631.4
Item number FUN/SE
100 ## - MAIN ENTRY--AUTHOR NAME
Personal name SEKHON, G. S
245 ## - TITLE STATEMENT
Title Fundamentals of soil science
260 ## - PUBLICATION, DISTRIBUTION, ETC. (IMPRINT)
Place of publication New Delhi
Name of publisher Indian Society of Soil Science
Year of publication 2002
300 ## - PHYSICAL DESCRIPTION
Number of Pages 548
942 ## - ADDED ENTRY ELEMENTS (KOHA)
Koha item type Books

No items available.

free website counter